000 01068cam a2200349 a 4500
001 696495
005 20150717135532.0
008 881128s1988 ilua b 001 0 eng
010 _a 87027033
020 _a0226292053
035 _a(OCoLC)16833680
035 _a(OCoLC)ocm16833680
035 _a(CStRLIN)NYCG88-B82872
035 _a(NNC)696495
050 0 _aQ175
_b.G4889 1988
082 0 _a500
_219
090 _aQ175
_b.G4889 1988
100 1 _aGiere, Ronald N.
_918425
245 1 0 _aExplaining science :
_ba cognitive approach /
_cRonald N. Giere.
260 _aChicago :
_bUniversity of Chicago Press,
_cc1988.
300 _axxi, 321 p. :
_bill. ;
_c24 cm.
490 1 _aScience and its conceptual foundations
500 _aIncludes index.
504 _aBibliography: p. 295-313.
650 0 _aScience
_xPhilosophy.
_918426
650 0 _aScience
_xSocial aspects.
_99989
650 0 _aCognition.
_92049
650 0 _aRealism.
_911315
830 0 _aScience and its conceptual foundations.
_99999
942 _2lcc
_cMONOGRAPH
999 _c123007
_d123007